Evropská integrace a česká politika

Nekonvenčný prístup autora článku k problematike európskej integrácie. Autor venuje pozornosť niekoľkým neprimeraným názorom verejnej mienky, nedorozumeniam a nesprávnym interpretáciám európskej integrácie, niekedy aj zo strany politikov a oznamovacích prostriedkov. Snaha o vytvorenie správneho pohľ...

ver descrição completa

Na minha lista:
Detalhes bibliográficos
Autor principal: Plichta, Dušan
Formato: Capítulo de Livro
Idioma:tcheco
Assuntos:
Tags: Adicionar Tag
Sem tags, seja o primeiro a adicionar uma tag!

MARC

LEADER 00000naa a2200000 4500
001 r016266
005 20221213082247.7
041 0 |a cze 
044 |a CZ 
245 1 0 |a Evropská integrace a česká politika  |c D. Plichta 
520 |a Nekonvenčný prístup autora článku k problematike európskej integrácie. Autor venuje pozornosť niekoľkým neprimeraným názorom verejnej mienky, nedorozumeniam a nesprávnym interpretáciám európskej integrácie, niekedy aj zo strany politikov a oznamovacích prostriedkov. Snaha o vytvorenie správneho pohľadu na problematiku európskej integrácie. 
610 2 0 |a integrácia 
610 2 0 |a Európa 
610 2 0 |a Česko 
100 1 |a Plichta, Dušan